Statistics for Taylor Swift - Afterglow Lyrics

Click here to take the quiz!

General Stats

  • This quiz has been taken 167 times
  • The average score is 348 of 379

Answer Stats

Answer% Correct
a
100%
I
100%
me
100%
my
100%
that
100%
you
100%
afterglow
99%
all
99%
in
99%
Tell
99%
when
99%
your
99%
be
98%
do
98%
I'm
98%
i'm
98%
it
98%
It's
98%
it's
98%
lose
98%
Meet
98%
no
98%
the
98%
Even
97%
head
97%
Just
97%
just
97%
so
97%
to
97%
you're
97%
fault
96%
mind
96%
not
96%
want
96%
don't
95%
go
95%
mine
95%
break
93%
fine
93%
need
93%
on
93%
say
93%
who
93%
heart
92%
hey
92%
Hey
92%
one
92%
still
92%
This
92%
this
92%
what
92%
wanna
91%
But
90%
but
90%
is
90%
us
90%
with
90%
down
89%
love
89%
meant
89%
we'll
89%
hurt
88%
of
88%
didn't
87%
Sorry
87%
sorry
87%
now
86%
an
85%
blue
85%
burned
85%
for
85%
out
85%
have
84%
something
84%
fight
82%
oh
82%
things
82%
and
81%
blew
81%
much?
81%
proportion
81%
back
80%
face
80%
let
80%
Put
80%
behind
79%
Fighting
78%
hands
77%
like
77%
see
77%
true
77%
gloves
76%
had
76%
jail
76%
reason
76%
there's
76%
Why'd
76%
attack
74%
away
74%
boxing
74%
walk
74%
worth
73%
'til
71%
up
71%
blame
70%
Thought
69%
crying
68%
island
67%
light
66%
morning
66%
silence
65%
low
64%
blows
63%
Chemistry
63%
excruciating
62%
pinned
62%
punished
60%
lived
58%
ultraviolet
57%
sirens
56%
Tells
55%
off
54%
below
53%
Went
51%
lift
44%

Score Distribution

Percentile by Number Answered

Percent of People with Each Score

Your Score History

You have not taken this quiz